[Event "TCh-FRA Top 12 2012"]
[Site "Belfort FRA"]
[Date "2012.06.09"]
[Round "10.3"]
[White "Delchev, Aleksander"]
[Black "Feller, Sebastien"]
[Result "1/2-1/2"]
[WhiteTitle "GM"]
[BlackTitle "GM"]
[WhiteElo "2622"]
[BlackElo "2640"]
[WhiteTeam "MARSEILLE Echecs"]
[BlackTeam "EVRY Grand Roque"]
[WhiteFideId "2900394"]
[BlackFideId "634654"]
[EventDate "2012.05.31"]

1. Nf3 Nf6 2. c4 b6 3. g3 Bb7 4. Bg2 e6 5. O-O Be7 6. d4 O-O 7. Nc3 Ne4 8. Bd2
Bf6 9. Rc1 d6 10. d5 Nxd2 11. Nxd2 e5 12. Nde4 Be7 13. c5 bxc5 14. Nxc5 dxc5 15.
d6 Bxg2 16. dxe7 Qxe7 17. Kxg2 Nd7 18. Nd5 Qd6 19. Ne3 Rfd8 20. Qd5 Qxd5+ 21.
Nxd5 Nb6 22. Nxc7 Rac8 23. Rfd1 c4 24. Nb5 f6 25. Kf3 a6 26. Nd6 Rc7 27. Ne4
Rcd7 28. Rxd7 Rxd7 29. g4 Rd5 30. e3 a5 31. Ke2 Kf8 32. b3 cxb3 33. axb3 Rb5 34.
Rc3 Rb4 35. Kf3 Nd5 36. Rc5 Ne7 37. Rxa5 Rxb3 38. Nd6 Rb8 39. Ra6 Nc8 40. Ne4
Rb6 41. Ra8 Rc6 42. h4 Ke7 43. h5 Ke6 44. Rb8 Rc7 45. Ke2 Rc2+ 46. Kf3 Rc7 47.
Kg2 Rc4 48. f3 Rc7 49. Kh3 Ke7 50. Kg3 Nd6 51. Nxd6 Kxd6 52. Rb6+ Ke7 53. g5
fxg5 54. Kg4 e4 55. fxe4 Rc5 56. h6 gxh6 57. Rxh6 Re5 58. Kf3 Re6 59. Rxh7+ Kf6
60. Rd7 Re8 61. Rd4 Ke5 62. Rd5+ Kf6 63. Ra5 Re7 64. Ra8 Ke5 65. Rf8 g4+ 66. Kf2
Kxe4 67. Rf4+ Ke5 68. Rxg4 Rf7+ 69. Ke1 1/2-1/2

[Event "TCh-FRA Top 12 2012"]
[Site "Belfort FRA"]
[Date "2012.06.09"]
[Round "10.4"]
[White "Tkachiev, Vladislav"]
[Black "Miton, Kamil"]
[Result "1-0"]
[WhiteTitle "GM"]
[BlackTitle "GM"]
[WhiteElo "2641"]
[BlackElo "2622"]
[WhiteTeam "EVRY Grand Roque"]
[BlackTeam "MARSEILLE Echecs"]
[WhiteFideId "618438"]
[BlackFideId "1111914"]
[EventDate "2012.05.31"]

1. c4 Nf6 2. Nc3 g6 3. g3 Bg7 4. Bg2 O-O 5. d4 c6 6. e4 d6 7. h3 Qa5 8. Ne2 e5
9. O-O Nbd7 10. Be3 Re8 11. Qc2 a6 12. Rfd1 Rb8 13. Rab1 c5 14. dxc5 dxc5 15.
Nd5 Nxd5 16. exd5 f5 17. d6 e4 18. a3 Ne5 19. b4 cxb4 20. axb4 Qd8 21. Nf4 Be6
22. Nxe6 Rxe6 23. c5 Kh8 24. b5 axb5 25. Rxb5 Qd7 26. Qb3 Rf6 27. Rb1 Rf7 28.
Rb6 Bf6 29. Qd5 Kg7 30. Bf1 g5 31. Kh1 Kg6 32. Bd4 Nc6 33. Bxf6 Rxf6 34. Bb5 Qg7
35. Bxc6 bxc6 36. Qxc6 Rd8 37. Qd5 Qh6 38. Kg2 Qh5 39. d7 Qf3+ 40. Kg1 1-0

[Event "TCh-FRA Top 12 2012"]
[Site "Belfort FRA"]
[Date "2012.06.09"]
[Round "10.6"]
[White "Hauchard, Arnaud"]
[Black "Gozzoli, Yannick"]
[Result "1/2-1/2"]
[WhiteTitle "GM"]
[BlackTitle "GM"]
[WhiteElo "2536"]
[BlackElo "2551"]
[WhiteTeam "EVRY Grand Roque"]
[BlackTeam "MARSEILLE Echecs"]
[WhiteFideId "600113"]
[BlackFideId "616915"]
[EventDate "2012.05.31"]

1. Nf3 Nf6 2. c4 c6 3. Nc3 d5 4. e3 e6 5. Qc2 Bd6 6. b3 O-O 7. Bb2 Nbd7 8. Be2
Qe7 9. O-O Re8 10. d4 b6 11. e4 Nxe4 12. Nxe4 dxe4 13. Qxe4 Bb7 14. Rad1 Rad8
15. Ne5 f5 16. Qe3 Nxe5 17. dxe5 Bc5 18. Qg3 Rxd1 19. Rxd1 Rd8 20. Rd3 Rd7 21.
Bc3 Qd8 22. Rxd7 Qxd7 23. Qd3 Qxd3 24. Bxd3 Be7 25. Kf1 c5 26. Bd2 Kf7 27. f3 g5
28. Kf2 h6 29. h4 Bc6 30. hxg5 hxg5 31. g3 Ke8 32. Be3 Kd7 33. Bd2 Ke8 34. Be3 1/2-1/2

[Event "TCh-FRA Top 12 2012"]
[Site "Belfort FRA"]
[Date "2012.06.09"]
[Round "10.8"]
[White "Milliet, Sophie"]
[Black "Delorme, Laurie"]
[Result "1-0"]
[WhiteTitle "IM"]
[BlackTitle "WIM"]
[WhiteElo "2387"]
[BlackElo "2236"]
[WhiteTeam "EVRY Grand Roque"]
[BlackTeam "MARSEILLE Echecs"]
[WhiteFideId "623725"]
[BlackFideId "630829"]
[EventDate "2012.05.31"]

1. e4 e5 2. Nf3 Nc6 3. Bc4 Nf6 4. d3 Be7 5. O-O O-O 6. a4 d6 7. a5 a6 8. h3 Be6
9. Re1 h6 10. Bxe6 fxe6 11. c3 Nh7 12. d4 Bf6 13. dxe5 Nxe5 14. Nd4 Bh4 15. Rf1
Qf6 16. f4 Nd7 17. Qg4 Nc5 18. Nd2 h5 19. Qxh5 Nd3 20. Qg4 Bf2+ 21. Rxf2 Nxf2
22. Kxf2 Qxf4+ 23. Qxf4 Rxf4+ 24. Ke3 Rf6 25. N2f3 Rg6 26. Kf2 Rf8 27. Bd2 Nf6
28. Re1 Nd7 29. Kg1 c5 30. Nh4 Rg3 31. Ndf3 g5 32. Bxg5 Ne5 33. Kh2 Rfxf3 34.
gxf3 Rxg5 35. f4 Nd3 36. fxg5 Nxe1 37. Kg3 Nd3 38. b3 Nc1 39. b4 cxb4 40. cxb4
Nd3 41. Nf3 Nxb4 42. h4 Nc6 43. h5 Nxa5 44. Kg4 Nc6 45. g6 b5 46. h6 b4 47. Ng5
Ne5+ 48. Kh5 Nd7 49. h7+ 1-0

[Event "TCh-FRA Top 12 2012"]
[Site "Belfort FRA"]
[Date "2012.06.09"]
[Round "10.4"]
[White "Nezar, Mustapha"]
[Black "Bailet, Pierre"]
[Result "1/2-1/2"]
[WhiteTitle "IM"]
[BlackTitle "IM"]
[WhiteElo "2391"]
[BlackElo "2425"]
[WhiteTeam "VANDOEUVRE Echecs"]
[BlackTeam "Echiquier Guingampais"]
[WhiteFideId "608637"]
[BlackFideId "655830"]
[EventDate "2012.05.31"]

1. d4 d5 2. c4 c6 3. Nf3 Nf6 4. e3 Bf5 5. Nc3 e6 6. Nh4 Be4 7. f3 Bg6 8. Qb3 Qc7
9. g3 Nbd7 10. Bd2 Nb6 11. c5 Nbd7 12. Qa4 Be7 13. b4 Nh5 14. Nxg6 hxg6 15. Ne2
e5 16. Bg2 f5 17. b5 O-O 18. bxc6 bxc6 19. Rb1 exd4 20. exd4 Rae8 21. Kd1 Bf6
22. Re1 Re7 23. Nf4 Rxe1+ 24. Kxe1 Bg5 25. Nd3 1/2-1/2

[Event "TCh-FRA Top 12 2012"]
[Site "Belfort FRA"]
[Date "2012.06.09"]
[Round "10.5"]
[White "Purenne, Benoit"]
[Black "Brunner, Nicolas"]
[Result "0-1"]
[BlackTitle "IM"]
[WhiteElo "2164"]
[BlackElo "2439"]
[WhiteTeam "Echiquier Guingampais"]
[BlackTeam "VANDOEUVRE Echecs"]
[WhiteFideId "602337"]
[BlackFideId "620246"]
[EventDate "2012.05.31"]

1. d4 Nf6 2. c4 e6 3. Nc3 Bb4 4. Qc2 O-O 5. e4 d6 6. a3 Bxc3+ 7. bxc3 e5 8. Bd3
c5 9. d5 Nh5 10. Ne2 Nd7 11. g4 Nhf6 12. f3 Ne8 13. h4 g6 14. Ng3 Ng7 15. Bh6 f6
16. Ke2 Rf7 17. Rh2 Nf8 18. Rg2 a6 19. a4 Bd7 20. Rgg1 Rb8 21. Qb3 b6 22. Rh1
Be8 23. g5 fxg5 24. Bxg5 Qc8 25. Rag1 Qd7 26. Bh6 Qxa4 27. Qb2 Qd7 28. h5 b5 29.
Bb1 Qb7 30. Qd2 bxc4 31. Bc2 Qd7 32. Nf5 Nxf5 33. exf5 Rxf5 34. Bxf5 Qxf5 35.
Rg5 Qf6 36. Rgg1 a5 37. Rb1 Rb3 38. Qg5 Qxg5 39. Bxg5 gxh5 40. Kd2 Ng6 41. Rxb3
cxb3 42. c4 a4 43. Kc3 h4 44. Kb2 h5 45. Bxh4 Nxh4 46. Rxh4 Kg7 47. f4 Kf6 48.
fxe5+ Kxe5 49. Kc3 Bg6 50. Rh1 Kf4 51. Rf1+ Kg5 52. Rg1+ Kh6 53. Rh1 Bf5 54. Kb2
Kg5 55. Rh2 h4 56. Rg2+ Bg4 57. Ka3 h3 58. Rf2 Kh4 59. Kxa4 Kg3 60. Rb2 h2 61.
Rb1 Bf3 62. Kxb3 h1=Q 63. Rxh1 Bxh1 64. Ka4 Kf4 0-1

[Event "TCh-FRA Top 12 2012"]
[Site "Belfort FRA"]
[Date "2012.06.09"]
[Round "10.6"]
[White "Genzling, Alain"]
[Black "Migot, Tangi"]
[Result "1-0"]
[WhiteTitle "IM"]
[WhiteElo "2408"]
[BlackElo "2257"]
[WhiteTeam "VANDOEUVRE Echecs"]
[BlackTeam "Echiquier Guingampais"]
[WhiteFideId "632708"]
[BlackFideId "662445"]
[EventDate "2012.05.31"]

1. e4 e5 2. Bc4 Nc6 3. Nc3 Bc5 4. Qg4 Bf8 5. Qg3 d6 6. Nge2 Nf6 7. f4 exf4 8.
Nxf4 Nd4 9. Qd3 Nc6 10. Qg3 Nd4 11. O-O g6 12. Qf2 Nxc2 13. d4 Nxa1 14. Nfd5 Bg7
15. Bg5 O-O 16. Nxf6+ Bxf6 17. Bxf6 Qd7 18. Qf4 1-0

[Event "TCh-FRA Top 12 2012"]
[Site "Belfort FRA"]
[Date "2012.06.09"]
[Round "10.7"]
[White "Luco, Alain"]
[Black "Philippe, Christophe"]
[Result "1-0"]
[BlackTitle "IM"]
[WhiteElo "2055"]
[BlackElo "2403"]
[WhiteTeam "Echiquier Guingampais"]
[BlackTeam "VANDOEUVRE Echecs"]
[WhiteFideId "604232"]
[BlackFideId "610038"]
[EventDate "2012.05.31"]

1. e4 Nf6 2. Nc3 d5 3. exd5 Nxd5 4. Bc4 Nb6 5. Bb3 Nc6 6. Nf3 Bf5 7. d4 e6 8. h3
Be7 9. Be3 Na5 10. Qe2 Nxb3 11. axb3 O-O 12. g4 Bg6 13. h4 Nd5 14. h5 Nxc3 15.
bxc3 Be4 16. Rh3 Bxf3 17. Qxf3 c6 18. h6 g6 19. Qe2 Qd5 20. f4 a5 21. Qf3 b5 22.
Qxd5 cxd5 23. Kd2 Rfc8 24. Kd3 f5 25. g5 Rc6 26. Ra2 Bd8 27. Bd2 Rac8 28. Rh1
Bc7 29. Rf1 Kf7 30. Rf3 Ke7 31. Rf1 Kd7 32. Rf3 Rd6 33. Rf1 Rc6 34. Rf3 Bb6 35.
Rf1 Kc7 36. Rf3 Kb7 37. Rf1 Bc7 38. Rf3 Kb6 39. Rf1 Bd6 40. Rf3 b4 41. cxb4 Bxb4
42. Re3 Bc3 43. Re5 Kb5 44. Re3 R8c7 45. Re5 Kb6 46. Re3 Kb7 47. Re5 Kc8 48. Re3
Kd7 49. Re5 a4 50. Re3 axb3 51. cxb3 Bxd2 52. Kxd2 Rc1 53. Re1 R1c3 54. Re3 R3c6
55. Re1 Rb6 56. Rb1 Rb4 57. Kd3 Rcb7 58. Ra8 Rxb3+ 59. Rxb3 Rxb3+ 60. Ke2 Rb2+
61. Kd3 Rb3+ 62. Kc2 Rf3 63. Ra7+ Ke8 64. Rxh7 Rxf4 65. Rg7 Kf8 66. Rxg6 Rh4 67.
Rxe6 f4 68. Re5 Kf7 69. Rxd5 Kg6 70. Kd2 Rh3 71. Ke2 Ra3 72. Re5 Ra2+ 73. Kf3
Rd2 74. d5 Rd4 75. Kg4 Kf7 76. Kf5 f3 77. g6+ Kf8 78. g7+ Kf7 79. Kg5 Rf4 80.
Kxf4 f2 81. Rf5+ 1-0

[Event "TCh-FRA Top 12 2012"]
[Site "Belfort FRA"]
[Date "2012.06.09"]
[Round "10.8"]
[White "Congiu, Mathilde"]
[Black "Le Diouron, Aurelie"]
[Result "1-0"]
[WhiteTitle "WIM"]
[WhiteElo "2206"]
[BlackElo "1954"]
[WhiteTeam "VANDOEUVRE Echecs"]
[BlackTeam "Echiquier Guingampais"]
[WhiteFideId "634581"]
[BlackFideId "637432"]
[EventDate "2012.05.31"]

1. e4 e5 2. Bc4 Nf6 3. d3 Nc6 4. Nf3 Bc5 5. c3 d6 6. b4 Bb6 7. a4 a6 8. O-O O-O
9. Nbd2 d5 10. exd5 Nxd5 11. Ne4 Bg4 12. h3 Bh5 13. Bg5 f6 14. Bd2 Kh8 15. Ng3
Bf7 16. Qb3 Qd7 17. a5 Ba7 18. Qa4 Rad8 19. b5 Nb8 20. Rfb1 axb5 21. Bxb5 c6 22.
Bc4 Na6 23. d4 Rfe8 24. Bd3 Rb8 25. Qc2 Bg8 26. Bf5 Qc7 27. dxe5 fxe5 28. c4 Ne7
29. Bc3 Nxf5 30. Qxf5 Bd4 31. Nxd4 exd4 32. Bxd4 c5 33. Bc3 Rf8 34. Qg5 Qf7 35.
Nf5 1-0

[Event "TCh-FRA Top 12 2012"]
[Site "Belfort FRA"]
[Date "2012.06.09"]
[Round "10.4"]
[White "Riff, Jean-Noel"]
[Black "Llanes Hurtado, Miguel"]
[Result "1/2-1/2"]
[WhiteTitle "IM"]
[BlackTitle "GM"]
[WhiteElo "2494"]
[BlackElo "2480"]
[WhiteTeam "MULHOUSE Philidor"]
[BlackTeam "GRASSE Echecs"]
[WhiteFideId "611190"]
[BlackFideId "2206706"]
[EventDate "2012.05.31"]

1. e4 e6 2. d4 d5 3. Nc3 Bb4 4. exd5 exd5 5. Bd3 c6 6. Ne2 Ne7 7. Ng3 Nd7 8. O-O
O-O 9. Bg5 f6 10. Bd2 Nb6 11. Re1 Bd6 12. Qh5 g6 13. Qh6 Bxg3 14. hxg3 Bf5 15.
Qe3 Rf7 16. b3 Qd7 17. Ne2 Bxd3 18. Qxd3 Qf5 19. Qc3 g5 20. Nc1 h5 21. Nd3 Ng6
22. Nc5 h4 23. Re3 h3 24. Qd3 Qxd3 25. Nxd3 hxg2 26. Kxg2 Ne7 27. g4 Ng6 28.
Rae1 Nd7 29. Kg3 Kg7 30. Re8 Rxe8 31. Rxe8 Re7 32. Rd8 Ndf8 33. Bb4 Rd7 34. Ra8
b6 35. Rc8 Ne6 36. c3 Rc7 37. Rxc7+ Nxc7 38. Bd6 Nb5 39. Bb8 a5 40. c4 1/2-1/2

[Event "TCh-FRA Top 12 2012"]
[Site "Belfort FRA"]
[Date "2012.06.09"]
[Round "10.5"]
[White "Apicella, Manuel"]
[Black "Bogner, Sebastian"]
[Result "1/2-1/2"]
[WhiteTitle "GM"]
[BlackTitle "GM"]
[WhiteElo "2548"]
[BlackElo "2569"]
[WhiteTeam "GRASSE Echecs"]
[BlackTeam "MULHOUSE Philidor"]
[WhiteFideId "600164"]
[BlackFideId "4692055"]
[EventDate "2012.05.31"]

1. e4 c5 2. Nf3 d6 3. d4 cxd4 4. Nxd4 Nf6 5. Nc3 a6 6. Be2 e5 7. Nb3 Be7 8. O-O
O-O 9. Re1 Be6 10. Bf3 Nbd7 11. a4 Qc7 12. Nd2 Rfd8 13. Nf1 Rac8 14. Ne3 Qc5 15.
a5 Re8 16. Bd2 g6 17. g3 1/2-1/2

[Event "TCh-FRA Top 12 2012"]
[Site "Belfort FRA"]
[Date "2012.06.09"]
[Round "10.6"]
[White "Demuth, Adrien"]
[Black "Colovic, Aleksandar"]
[Result "1/2-1/2"]
[WhiteTitle "IM"]
[BlackTitle "IM"]
[WhiteElo "2423"]
[BlackElo "2433"]
[WhiteTeam "MULHOUSE Philidor"]
[BlackTeam "GRASSE Echecs"]
[WhiteFideId "642274"]
[BlackFideId "15000729"]
[EventDate "2012.05.31"]

1. d4 d5 2. c4 e6 3. Nf3 Nf6 4. Nc3 Be7 5. Bg5 h6 6. Bh4 O-O 7. e3 Ne4 8. Bxe7
Qxe7 9. Rc1 c6 10. h4 Rd8 11. g4 c5 12. g5 h5 13. Ne5 g6 14. Bg2 Nxc3 15. bxc3
Nc6 16. Nxc6 bxc6 17. Qa4 cxd4 18. cxd4 Bd7 19. O-O a5 20. Qc2 1/2-1/2

[Event "TCh-FRA Top 12 2012"]
[Site "Belfort FRA"]
[Date "2012.06.09"]
[Round "10.8"]
[White "Choisy, Mathilde"]
[Black "Forestier, Carole"]
[Result "1/2-1/2"]
[WhiteTitle "WFM"]
[WhiteElo "2205"]
[BlackElo "2096"]
[WhiteTeam "MULHOUSE Philidor"]
[BlackTeam "GRASSE Echecs"]
[WhiteFideId "634565"]
[BlackFideId "641405"]
[EventDate "2012.05.31"]

1. e4 e6 2. d4 d5 3. Nc3 Nf6 4. e5 Nfd7 5. f4 c5 6. Nf3 Nc6 7. Be3 a6 8. Qd2 b5
9. Nd1 cxd4 10. Nxd4 Nxd4 11. Bxd4 Bc5 12. c3 Qb6 13. Be2 b4 14. O-O a5 15. Rc1
bxc3 1/2-1/2

[Event "TCh-FRA Top 12 2012"]
[Site "Belfort FRA"]
[Date "2012.06.10"]
[Round "11.3"]
[White "Riff, Jean-Noel"]
[Black "Postny, Evgeny"]
[Result "0-1"]
[WhiteTitle "IM"]
[BlackTitle "GM"]
[WhiteElo "2494"]
[BlackElo "2651"]
[WhiteTeam "MULHOUSE Philidor"]
[BlackTeam "METZ Fischer"]
[WhiteFideId "611190"]
[BlackFideId "2804344"]
[EventDate "2012.05.31"]

1. e4 c6 2. d4 d5 3. e5 Bf5 4. h4 h5 5. Bg5 Qb6 6. Bd3 Bxd3 7. Qxd3 Qa6 8. Qf3
e6 9. Ne2 Nd7 10. O-O Be7 11. Nf4 Bxg5 12. hxg5 g6 13. Nd2 Ne7 14. c4 dxc4 15.
Rfc1 Nf5 16. Nxc4 O-O 17. Rc3 Rfd8 18. Rd1 Qxa2 19. Nd6 Nxd6 20. exd6 Qa5 21. d5
cxd5 22. Nxh5 d4 23. Rxd4 gxh5 24. Qxh5 Qe5 25. Rf3 Qg7 26. Rh4 Ne5 27. Rf6 Rxd6
28. f4 Ng6 29. Rh3 Rad8 30. Qg4 Ne7 31. Qh5 Rd1+ 32. Kh2 R1d3 33. Rxd3 Rxd3 34.
Qe2 Rd8 35. Qb5 Qh7+ 0-1

[Event "TCh-FRA Top 12 2012"]
[Site "Belfort FRA"]
[Date "2012.06.10"]
[Round "11.4"]
[White "Koch, Jean-Rene"]
[Black "Bogner, Sebastian"]
[Result "0-1"]
[WhiteTitle "IM"]
[BlackTitle "GM"]
[WhiteElo "2484"]
[BlackElo "2569"]
[WhiteTeam "METZ Fischer"]
[BlackTeam "MULHOUSE Philidor"]
[WhiteFideId "600148"]
[BlackFideId "4692055"]
[EventDate "2012.05.31"]

1. c4 Nf6 2. g3 e5 3. Bg2 c6 4. a3 d5 5. cxd5 cxd5 6. d4 e4 7. Bg5 Nbd7 8. Nc3
Nb8 9. Nb1 Nbd7 10. Nc3 Qb6 11. Na4 Qa6 12. e3 h6 13. Bxf6 Nxf6 14. Qb3 Bd6 15.
Nc3 O-O 16. Nge2 Bg4 17. Qb5 Rfc8 18. Qxa6 bxa6 19. h3 Bd7 20. Kd2 Rab8 21. Rhb1
a5 22. b3 g5 23. g4 Rb6 24. f3 exf3 25. Bxf3 Be6 26. Na4 Rbc6 27. Nac3 Rb6 28.
Na4 Rbc6 29. Nac3 Rb8 30. Nc1 Rcb6 31. Rb2 Kg7 32. Rc2 R6b7 33. Na4 Ne4+ 34. Kd3
f5 35. Nc5 Nxc5+ 36. dxc5 Be5 37. Rb1 fxg4 38. Bxg4 Bg8 39. Bf5 Rf7 40. Rf2 Rxf5
41. Rxf5 Bh7 42. e4 dxe4+ 43. Kxe4 Re8 0-1

[Event "TCh-FRA Top 12 2012"]
[Site "Belfort FRA"]
[Date "2012.06.10"]
[Round "11.6"]
[White "Neiman, Emmanuel"]
[Black "Demuth, Adrien"]
[Result "1/2-1/2"]
[WhiteTitle "FM"]
[BlackTitle "IM"]
[WhiteElo "2335"]
[BlackElo "2423"]
[WhiteTeam "METZ Fischer"]
[BlackTeam "MULHOUSE Philidor"]
[WhiteFideId "601616"]
[BlackFideId "642274"]
[EventDate "2012.05.31"]

1. d4 Nf6 2. c4 g6 3. Nc3 Bg7 4. Nf3 d6 5. Bg5 h6 6. Bh4 c5 7. d5 Qa5 8. Nd2 g5
9. Bg3 Bf5 10. f3 Nbd7 11. e4 Bg6 12. Bf2 a6 13. Be2 O-O 14. Rc1 e6 15. a4 exd5
16. cxd5 Rab8 17. O-O Qd8 1/2-1/2

[Event "TCh-FRA Top 12 2012"]
[Site "Belfort FRA"]
[Date "2012.06.10"]
[Round "11.7"]
[White "Shoker, Samy"]
[Black "Hisler, Thomas"]
[Result "1-0"]
[WhiteTitle "IM"]
[WhiteElo "2517"]
[BlackElo "2247"]
[WhiteTeam "MULHOUSE Philidor"]
[BlackTeam "METZ Fischer"]
[WhiteFideId "627143"]
[BlackFideId "617997"]
[EventDate "2012.05.31"]

1. d3 d6 2. c4 f5 3. Nc3 Nf6 4. g3 e5 5. Bg2 Be7 6. Rb1 a5 7. a3 O-O 8. b4 axb4
9. axb4 Kh8 10. Nf3 Qe8 11. O-O Qh5 12. e3 Nbd7 13. Nd2 Qf7 14. f4 c6 15. b5 d5
16. cxd5 cxd5 17. Nf3 e4 18. Ne5 Qe6 19. d4 Nb6 20. h3 Nfd7 21. Qb3 Nxe5 22.
dxe5 Bc5 23. Rd1 Qg6 24. Ne2 Be6 25. Qc3 Rfc8 26. Kh2 Nc4 27. Nd4 Ra2 28. Qb3
Rca8 29. Bb2 Qe8 30. b6 h6 31. Nb5 Qc6 32. Nc7 R8a5 33. Bd4 R2a3 34. Qc2 Rxe3
35. Nxe6 Qxe6 36. Bxe3 Nxe3 37. Qd2 Bxb6 38. Rdc1 Nc4 39. Qb4 Bc5 40. Qxb7 Ra2
41. Ra1 Rb2 42. Qa8+ Kh7 43. Rcb1 Qb6 44. Qc8 Ne3 45. Rg1 d4 46. Ra8 d3 47. Qg8+
Kg6 48. Re8 d2 49. Re6+ Qxe6 50. Qxe6+ Kh7 51. Qd7 Ng4+ 52. hxg4 Bxg1+ 53. Kh3
Bc5 54. gxf5 e3 55. f6 Bf8 56. Be4+ 1-0

[Event "TCh-FRA Top 12 2012"]
[Site "Belfort FRA"]
[Date "2012.06.10"]
[Round "11.2"]
[White "Llanes Hurtado, Miguel"]
[Black "Meier, Georg"]
[Result "1/2-1/2"]
[WhiteTitle "GM"]
[BlackTitle "GM"]
[WhiteElo "2480"]
[BlackElo "2637"]
[WhiteTeam "GRASSE Echecs"]
[BlackTeam "VANDOEUVRE Echecs"]
[WhiteFideId "2206706"]
[BlackFideId "4675789"]
[EventDate "2012.05.31"]

1. d4 e6 2. c4 Nf6 3. Nf3 d5 4. g3 Bb4+ 5. Bd2 Bd6 6. Nc3 c6 7. Qc2 Nbd7 8. e4
dxe4 9. Nxe4 Nxe4 10. Qxe4 Nf6 11. Qc2 b6 12. Bg2 Bb7 13. c5 Bc7 14. O-O Nd5 15.
Rfe1 h6 16. Ne5 O-O 17. Rad1 Re8 18. Qe4 Qe7 19. Rc1 Rac8 20. h4 Red8 21. Qe2
Qe8 22. Bf3 Bxe5 23. dxe5 Nc7 24. Be4 Ba6 25. Qe3 Nd5 26. Qf3 Rd7 27. Be3 1/2-1/2

[Event "TCh-FRA Top 12 2012"]
[Site "Belfort FRA"]
[Date "2012.06.10"]
[Round "11.3"]
[White "Landa, Konstantin"]
[Black "Apicella, Manuel"]
[Result "1/2-1/2"]
[WhiteTitle "GM"]
[BlackTitle "GM"]
[WhiteElo "2646"]
[BlackElo "2548"]
[WhiteTeam "VANDOEUVRE Echecs"]
[BlackTeam "GRASSE Echecs"]
[WhiteFideId "4101685"]
[BlackFideId "600164"]
[EventDate "2012.05.31"]

1. e4 e6 2. d4 d5 3. Nc3 Bb4 4. e5 Ne7 5. a3 Bxc3+ 6. bxc3 c5 7. Qg4 O-O 8. Bd3
f5 9. exf6 Rxf6 10. Bg5 Rf7 11. Qh5 g6 12. Qd1 Nbc6 13. Nf3 c4 14. Be2 Qf8 15.
Qc1 Nf5 16. g4 Nd6 17. Bh6 Qd8 18. Qe3 Qa5 19. Ng5 Re7 20. O-O Bd7 21. a4 Rae8
22. Rfd1 Nf5 23. gxf5 exf5 24. Qg3 Rxe2 25. Rab1 Bc8 26. Rb5 Qxa4 27. Rxd5 Qxc2
28. Rf1 Re1 29. Qc7 Rxf1+ 30. Kxf1 Qd1+ 31. Kg2 Qg4+ 32. Kf1 Qd1+ 33. Kg2 Qg4+
34. Kf1 Qe2+ 35. Kg2 Qg4+ 1/2-1/2

[Event "TCh-FRA Top 12 2012"]
[Site "Belfort FRA"]
[Date "2012.06.10"]
[Round "11.5"]
[White "Brunner, Nicolas"]
[Black "Nanu, Costica-Ciprian"]
[Result "0-1"]
[WhiteTitle "IM"]
[BlackTitle "GM"]
[WhiteElo "2439"]
[BlackElo "2520"]
[WhiteTeam "VANDOEUVRE Echecs"]
[BlackTeam "GRASSE Echecs"]
[WhiteFideId "620246"]
[BlackFideId "1204580"]
[EventDate "2012.05.31"]

1. d4 Nf6 2. c4 e6 3. Nc3 Bb4 4. e3 c5 5. Ne2 d6 6. a3 Ba5 7. Rb1 Nc6 8. d5 exd5
9. cxd5 Ne5 10. Ng3 O-O 11. Be2 a6 12. b4 cxb4 13. axb4 Bb6 14. O-O Bd7 15. h3
Rc8 16. Bb2 Nc4 17. Ba1 Re8 18. Kh1 Rc7 19. Rc1 Ba7 20. Nb1 b5 21. Nd2 Ne5 22.
Rxc7 Qxc7 23. Nf3 Bb8 24. e4 Qd8 25. Nxe5 dxe5 26. Qd2 Bd6 27. Bc3 Qe7 28. Ra1
Bc8 29. Bd3 g6 30. Qb2 h5 31. Kh2 h4 32. Ne2 Nxd5 33. exd5 e4+ 34. Kg1 exd3 35.
Nd4 Qg5 36. Nf3 Qxd5 37. Nxh4 Re2 38. Qb1 Qc4 39. Bf6 Qf4 40. Qxd3 Qxf2+ 41. Kh1
Re1+ 0-1

[Event "TCh-FRA Top 12 2012"]
[Site "Belfort FRA"]
[Date "2012.06.10"]
[Round "11.6"]
[White "Colovic, Aleksandar"]
[Black "Genzling, Alain"]
[Result "0-1"]
[WhiteTitle "IM"]
[BlackTitle "IM"]
[WhiteElo "2433"]
[BlackElo "2408"]
[WhiteTeam "GRASSE Echecs"]
[BlackTeam "VANDOEUVRE Echecs"]
[WhiteFideId "15000729"]
[BlackFideId "632708"]
[EventDate "2012.05.31"]

1. c4 c5 2. g3 g6 3. Bg2 Bg7 4. Nc3 Nc6 5. Nf3 d6 6. O-O e5 7. a3 a5 8. Ne1 Be6
9. d3 Nge7 10. Nc2 d5 11. cxd5 Nxd5 12. Ne3 Nde7 13. Nc4 O-O 14. Qa4 Nd4 15. e3
b5 16. Nxb5 Nxb5 17. Qxb5 Qxd3 18. Qxc5 Qxc4 19. Qxe7 e4 20. Qg5 Rfd8 21. a4 f5
22. b3 Qxb3 23. Ra3 Qb4 24. Kh1 Rdc8 25. h4 Rxc1 26. Rxc1 Qxa3 27. Rc7 Qd6 28.
Rb7 Bd5 29. Rb5 Bc6 30. Rb6 h6 31. Qf4 Qxf4 32. gxf4 Bxa4 33. Rxg6 Bb3 34. Bh3
a4 35. Bxf5 a3 36. Bxe4 a2 0-1

[Event "TCh-FRA Top 12 2012"]
[Site "Belfort FRA"]
[Date "2012.06.10"]
[Round "11.8"]
[White "Forestier, Carole"]
[Black "Congiu, Mathilde"]
[Result "0-1"]
[BlackTitle "WIM"]
[WhiteElo "2096"]
[BlackElo "2206"]
[WhiteTeam "GRASSE Echecs"]
[BlackTeam "VANDOEUVRE Echecs"]
[WhiteFideId "641405"]
[BlackFideId "634581"]
[EventDate "2012.05.31"]

1. d4 d5 2. Nf3 Nf6 3. c4 c6 4. Nc3 dxc4 5. a4 c5 6. d5 Bf5 7. Nh4 Be4 8. Nxe4
Nxe4 9. a5 Nf6 10. Qa4+ Qd7 11. e4 Nxe4 12. Bxc4 Qxa4 13. Rxa4 Nd6 14. Ba2 g6
15. O-O Bg7 16. Re1 Na6 17. Bg5 f6 18. Bf4 Kd7 19. Ra3 b5 20. axb6 axb6 21. Rae3
Rhe8 22. Nf3 b5 23. Bb1 Nc7 24. Rd1 Ra6 25. h4 f5 26. Ne5+ Bxe5 27. Rxe5 Ra4 28.
g3 Rd4 29. Rxd4 cxd4 30. Ba2 Nc4 31. Re1 Nxd5 32. Rd1 e5 33. Bh6 Nb4 34. Bb3 Nc6
35. Bg7 Nxb2 36. Rb1 Nc4 37. Ba2 Na3 38. Rd1 Nc2 39. Bb3 N2b4 40. f4 d3 41. fxe5
Nxe5 42. Bh6 Nc4 43. Bg7 d2 44. Bc3 Re1+ 45. Rxe1 dxe1=Q+ 46. Bxe1 Nd5 47. Kf2
Kc6 48. Ke2 Kc5 49. Kd3 Ne5+ 50. Kc2 Kd4 51. Bf2+ Ke4 52. Ba7 Nc6 53. Bc5 Nd4+
54. Kb2 Nxb3 55. Kxb3 Kf3 56. Bd6 Nf6 57. Kb4 Ne4 58. Be7 Kxg3 59. Kxb5 f4 0-1